Thayer's Greek-English lexicon of the New Testament : (Record no. 14905)

MARC details
000 -LEADER
fixed length control field 00880cam a22002292 4500
001 - CONTROL NUMBER
control field 0000002591
005 - DATE AND TIME OF LATEST TRANSACTION
control field 20151217161131.0
008 - FIXED-LENGTH DATA ELEMENTS--GENERAL INFORMATION
fixed length control field 070416s xx 000 0 eng d
020 ## - INTERNATIONAL STANDARD BOOK NUMBER
International Standard Book Number 1565632095 :
Terms of availability KES 2,900
040 ## - CATALOGING SOURCE
Original cataloging agency KABU
Transcribing agency KABU
050 #0 - LIBRARY OF CONGRESS CALL NUMBER
Classification number PA881
Item number .T43
100 1# - MAIN ENTRY--PERSONAL NAME
Personal name Thayer, Joseph H.
-- 0000152003
245 10 - TITLE STATEMENT
Title Thayer's Greek-English lexicon of the New Testament :
Remainder of title coded with the numbering system from strong's exhaustive concordance of the Bible /
Statement of responsibility, etc. Joseph H. Thayer.
260 ## - PUBLICATION, DISTRIBUTION, ETC. (IMPRINT)
Place of publication, distribution, etc. Peabody, Massachusetts :
Name of publisher, distributor, etc. Hendrickson,
Date of publication, distribution, etc. 2000 [printing]
300 ## - PHYSICAL DESCRIPTION
Extent xxi, 726 p.
630 00 - SUBJECT ADDED ENTRY--UNIFORM TITLE
Uniform title Bible.
Name of part/section of a work N.T.
Form subdivision Dictionaries.
Language of a work English.
-- 0000152004
650 #0 - SUBJECT ADDED ENTRY--TOPICAL TERM
Topical term or geographic name as entry element Greek language, Biblical
Form subdivision Dictionaries
General subdivision English.
-- 0000152005
908 ## - PUT COMMAND PARAMETER (RLIN)
Put command parameter 070416
950 ## - LOCAL HOLDINGS (RLIN)
-- 1
Holdings
Withdrawn status Lost status Source of classification or shelving scheme Not for loan Home library Current library Date acquired Total Checkouts Full call number Barcode Date last seen Price effective from Koha item type
    Library of Congress Classification Not For Loan Kabarak, Main Campus Kabarak, Main Campus 17/12/2015   PA881 .T43 c. 1 009914 17/12/2015 17/12/2015 Reference
    Library of Congress Classification Not For Loan Kabarak, Main Campus Kabarak, Main Campus 17/12/2015   PA881 .T43 c. 2 009915 17/12/2015 17/12/2015 Reference
Designed with assistance from East African Informatics Ltd